<?xml version="1.0" encoding="UTF-8"?><marc:collection xmlns:marc="http://www.loc.gov/MARC21/slim">
  <marc:record>
    <marc:leader>00000nam  2200000zi 4500</marc:leader>
    <marc:controlfield tag="001">9.931608</marc:controlfield>
    <marc:controlfield tag="003">CaOODSP</marc:controlfield>
    <marc:controlfield tag="005">20240215124257</marc:controlfield>
    <marc:controlfield tag="006">m     o  d f      </marc:controlfield>
    <marc:controlfield tag="007">cr mn|||||||||</marc:controlfield>
    <marc:controlfield tag="008">231219t20242024onca    ob   f001 0 eng d</marc:controlfield>
    <marc:datafield tag="020" ind1=" " ind2=" ">
      <marc:subfield code="a">9780660693637 </marc:subfield>
      <marc:subfield code="q">(PDF)</marc:subfield>
    </marc:datafield>
    <marc:datafield tag="020" ind1=" " ind2=" ">
      <marc:subfield code="a">9780660693644 </marc:subfield>
      <marc:subfield code="q">(print)</marc:subfield>
    </marc:datafield>
    <marc:datafield tag="040" ind1=" " ind2=" ">
      <marc:subfield code="a">CaOODSP</marc:subfield>
      <marc:subfield code="b">eng</marc:subfield>
      <marc:subfield code="e">rda</marc:subfield>
      <marc:subfield code="c">CaOODSP</marc:subfield>
    </marc:datafield>
    <marc:datafield tag="086" ind1="1" ind2=" ">
      <marc:subfield code="a">D2-473/2024E-PDF</marc:subfield>
    </marc:datafield>
    <marc:datafield tag="086" ind1="1" ind2=" ">
      <marc:subfield code="a">D2-473/2024E</marc:subfield>
    </marc:datafield>
    <marc:datafield tag="245" ind1="0" ind2="0">
      <marc:subfield code="a">Force multiplier : </marc:subfield>
      <marc:subfield code="b">utilization of SOF from a small state perspective / </marc:subfield>
      <marc:subfield code="c">Colonel (retired) Bernd Horn, PhD, and Colonel (retired) Hans Ilis-Alm, editors.</marc:subfield>
    </marc:datafield>
    <marc:datafield tag="264" ind1=" " ind2="1">
      <marc:subfield code="a">Ottawa, Ontario : </marc:subfield>
      <marc:subfield code="b">Canadian Special Operations Forces Command, </marc:subfield>
      <marc:subfield code="c">[2024]</marc:subfield>
    </marc:datafield>
    <marc:datafield tag="264" ind1=" " ind2="4">
      <marc:subfield code="c">©2024</marc:subfield>
    </marc:datafield>
    <marc:datafield tag="300" ind1=" " ind2=" ">
      <marc:subfield code="a">1 online resource (iv, 284 pages) : </marc:subfield>
      <marc:subfield code="b">illustrations</marc:subfield>
    </marc:datafield>
    <marc:datafield tag="336" ind1=" " ind2=" ">
      <marc:subfield code="a">text</marc:subfield>
      <marc:subfield code="b">txt</marc:subfield>
      <marc:subfield code="2">rdacontent</marc:subfield>
    </marc:datafield>
    <marc:datafield tag="337" ind1=" " ind2=" ">
      <marc:subfield code="a">computer</marc:subfield>
      <marc:subfield code="b">c</marc:subfield>
      <marc:subfield code="2">rdamedia</marc:subfield>
    </marc:datafield>
    <marc:datafield tag="338" ind1=" " ind2=" ">
      <marc:subfield code="a">online resource</marc:subfield>
      <marc:subfield code="b">cr</marc:subfield>
      <marc:subfield code="2">rdacarrier</marc:subfield>
    </marc:datafield>
    <marc:datafield tag="500" ind1=" " ind2=" ">
      <marc:subfield code="a">"Produced for CANSOFCOM Education &amp; Research Centre by 17 Wing Winnipeg Publishing Office"--Title page verso.</marc:subfield>
    </marc:datafield>
    <marc:datafield tag="504" ind1=" " ind2=" ">
      <marc:subfield code="a">Includes bibliographical references and index.</marc:subfield>
    </marc:datafield>
    <marc:datafield tag="505" ind1="0" ind2=" ">
      <marc:subfield code="a">Introduction -- SOF strategic relevance : disciplined by reality / Lieutenant-General (retired) D. Michael Day -- The strategic leverage of SOF / Lieutenant-Colonel Andrew L. Brown, PhD -- Canadian special operations forces and enabling bad strategic behaviour : Operation Aegis / Colonel Howard G. Coombs, PhD -- SOF/conventional interface : a future operating concept for small states / Major (retired) Tony Balasevicius -- The future of SOF : what's special with multi-domain operations? / Colonel Christian Jeppsson -- Leveling the playing field : SOF in the gray zone / Colonel (retired) Bernd Horn, PhD -- Enhancing small state capabilities in national resilience and resistance / Colonel (retired) J. Paul de B Taillon, PhD -- A clash of shadows : the requirement for counter-SOF operations / Colonel (retired) Bernd Horn, PhD -- Spearheading influence : PSYWAR in small state SOF / Captain Adam de Bartok -- Remote warfare and smaller Western countries / Major Cedric Craninx -- A new era of bi-directional human-machine interaction : the utility of AI for SOF / Lieutenant-Colonel Peter Bovet Emanuel -- Rogue SOF : a cautionary tale / Robert MacDuff -- Endnotes -- Contributors -- Glossary of abbreviations -- Index.</marc:subfield>
    </marc:datafield>
    <marc:datafield tag="650" ind1=" " ind2="0">
      <marc:subfield code="a">Special forces (Military science)</marc:subfield>
    </marc:datafield>
    <marc:datafield tag="650" ind1=" " ind2="0">
      <marc:subfield code="a">Special operations (Military science)</marc:subfield>
    </marc:datafield>
    <marc:datafield tag="650" ind1=" " ind2="0">
      <marc:subfield code="a">Military policy.</marc:subfield>
    </marc:datafield>
    <marc:datafield tag="650" ind1=" " ind2="0">
      <marc:subfield code="a">States, Small.</marc:subfield>
    </marc:datafield>
    <marc:datafield tag="650" ind1=" " ind2="6">
      <marc:subfield code="a">Forces spéciales (Science militaire)</marc:subfield>
    </marc:datafield>
    <marc:datafield tag="650" ind1=" " ind2="6">
      <marc:subfield code="a">Opérations spéciales (Science militaire)</marc:subfield>
    </marc:datafield>
    <marc:datafield tag="650" ind1=" " ind2="6">
      <marc:subfield code="a">Politique militaire.</marc:subfield>
    </marc:datafield>
    <marc:datafield tag="650" ind1=" " ind2="6">
      <marc:subfield code="a">Petits États.</marc:subfield>
    </marc:datafield>
    <marc:datafield tag="700" ind1="1" ind2=" ">
      <marc:subfield code="a">Horn, Bernd, </marc:subfield>
      <marc:subfield code="d">1959- </marc:subfield>
      <marc:subfield code="e">editor.</marc:subfield>
    </marc:datafield>
    <marc:datafield tag="700" ind1="1" ind2=" ">
      <marc:subfield code="a">Ilis-Alm, Hans, </marc:subfield>
      <marc:subfield code="e">editor.</marc:subfield>
    </marc:datafield>
    <marc:datafield tag="710" ind1="1" ind2=" ">
      <marc:subfield code="a">Canada. </marc:subfield>
      <marc:subfield code="b">Canadian Special Operations Forces Command, </marc:subfield>
      <marc:subfield code="e">issuing body.</marc:subfield>
    </marc:datafield>
    <marc:datafield tag="710" ind1="1" ind2=" ">
      <marc:subfield code="a">Canada.‏ </marc:subfield>
      <marc:subfield code="b">Canadian Special Operations Training Centre.‏ </marc:subfield>
      <marc:subfield code="b">Education and Research Centre, </marc:subfield>
      <marc:subfield code="e">issuing body.</marc:subfield>
    </marc:datafield>
    <marc:datafield tag="776" ind1="0" ind2="#">
      <marc:subfield code="t">Force multiplier : </marc:subfield>
      <marc:subfield code="w">(CaOODSP)9.931609</marc:subfield>
    </marc:datafield>
    <marc:datafield tag="856" ind1="4" ind2="0">
      <marc:subfield code="q">PDF</marc:subfield>
      <marc:subfield code="s">6.77 MB</marc:subfield>
      <marc:subfield code="u">https://publications.gc.ca/collections/collection_2024/mdn-dnd/D2-473-2024-eng.pdf</marc:subfield>
    </marc:datafield>
  </marc:record>
</marc:collection>
